| 000 | 00492nam a22001457a 4500 | ||
|---|---|---|---|
| 020 | _a9788120336308 | ||
| 082 | _a621.395 KUM | ||
| 100 | _aKumar, A. Anand | ||
| 245 | _aSwitching theory and logic design | ||
| 260 |
_aNew Delhi, India _bPHI Learning _c2008 |
||
| 300 |
_axix, 695 p. _bill. ; |
||
| 500 | _aIncludes index. | ||
| 650 | _a1. Logic circuits. 2. Switching theory. 3. Integrated circuits --Large scale integration. 4. Electronic circuit design --Data processing. | ||
| 942 | _cBK | ||
| 999 |
_c12464 _d12464 |
||